书目信息 |
| 题名: |
思想品德
|
|
| 作者: | ;人民教育出版社政治室、北京市教育局教学研究部 编著 | |
| 分册: | 第七册 | |
| 出版信息: | 北京 人民教育出版社 1997 |
|
| 页数: | 52页 | |
| 开本: | 20cm | |
| 丛书名: | ||
| 单 册: | ||
| 中图分类: | G621.6 | |
| 科图分类: | ||
| 主题词: | 教育--各级 | |
| 电子资源: | ||
| ISBN: | 7-107-11507-3 | |
| 000 | 00807nam0 2200205 450 | |
| 001 | 0654428363 | |
| 005 | 20061010150856.82 | |
| 010 | @a7-107-11507-3@dCNY2.20 | |
| 100 | @a20061010d1997 km y0chiy0120 ea | |
| 101 | 0 | @achi |
| 102 | @aCN@b110000 | |
| 200 | 1 | @a思想品德@Asi xiang pin de@h第七册@f人民教育出版社政治室、北京市教育局教学研究部编著@Fren min jiao yu chu ban she zheng zhi shi、bei jing shi jiao yu ju jiao xue yan jiu bu bian zhu |
| 210 | @a北京@c人民教育出版社@d1997 | |
| 215 | @a52页@d20cm | |
| 300 | @a九年义务教育六年制小学教科书 | |
| 606 | 0 | @a教育@x各级 |
| 690 | @aG621.6@v3 | |
| 711 | 0 | @a人民教育出版社政治室、北京市教育局教学研究部@Aren min jiao yu chu ban she zheng zhi shi、bei jing shi jiao yu ju jiao xue yan jiu bu@4编著 |
| 801 | 0 | @aCN@bPFT@c20061010 |
| 905 | @a10447@dG621.6@e228 | |
| 思想品德.第七册/人民教育出版社政治室、北京市教育局教学研究部编著.-北京:人民教育出版社,1997 |
| 52页;20cm |
| 九年义务教育六年制小学教科书 |
| ISBN 7-107-11507-3:CNY2.20 |
| ● |
| 相关链接 |
|
|
|
|
正题名:思想品德
索取号:G621.6/228
 
预约/预借
| 序号 | 登录号 | 条形码 | 馆藏地/架位号 | 状态 | 备注 |
| 1 | 0494491 | 204944917 | 密集书库/ [索取号:G621.6/228] | 在馆 |